000 00869nam a2200265 i 4500
003 CO-BoRNBP
005 20250115095522.0
007 ta
008 250115s2021 Uy a|||| |||| 00| 0 spa d
020 _a9789974885899
040 _aCO-BoRNBP
_bspa
_cCO-BoRNBP
_erda
041 _aspa
084 _aC CUE
245 _aEl mago de oz
_bMis cuentos clásicos en 3D/
_cLatinbooks
250 _aPrimera edición
264 4 _aMontevideo, Uruguay,
_b©Latinbooks International S.A.
_c2021
300 _a8 páginas,
_bilustraciones a color, con figuras pop . up tridimensionales,
_c25 cm
336 _2rdacontent
_atexto
_btxt
337 _2rdamedia
_asin mediación
_bn
338 _2rdacarrier
_avolumen
_bnc
650 _2LEMB
_aCuentos infantiles
650 _2LEMB
_aCuentos clásicos
650 _2LEMB
_aimaginación/ suspenso/ aventuras
_957519
942 _2ddc
_cBKINF
999 _c56734
_d56734